000 00675nam a2200289Ia 4500
005 20260324143844.0
008 008 260324s9999 xx 000 0 eng d
020 _a9781351049870
037 _aEBOOK
040 _aCRL
040 _beng
040 _cCRL
041 _2eng
041 _aeng
084 _qCRL
100 _aDavid Dewar; Vanessa Watson
_91217185
245 0 _aUrban Markets
245 0 _bDeveloping Informal Retailing
260 _bTaylor and Francis
260 _c1990
365 _a
365 _b160
856 _uhttp://www.taylorfrancis.com/books/9781351049870
942 _cEBOOK
999 _c1823066
_d1823066